Daily Country Riddle #43 - Statistics

General Stats
  • This quiz has been taken 254 times
  • The average score is 11 of 15
Answer Stats
Type Answer % Correct
Found Letter I
97%
Found Letter N
97%
Found Letter R
97%
Found Letter D
81%
Correctly Placed Letter N
75%
Correctly Placed Letter R
75%
Found Letter U
74%
Found Letter B
69%
Correctly Placed Letter B
64%
Correctly Placed Letter U
63%
Found Letter U
59%
Correctly Placed Letter D
58%
Mystery Country Burundi
57%
Correctly Placed Letter I
57%
Correctly Placed Letter U
57%
No matching quizzes found
Score Distribution
Percent of People with Each Score
Percentile by Number Answered
Your Score History
You have not taken this quiz